000 00597nam a2200205Ii 4500
001 3520
003 CO-ViMGA
008 241108s9999||||xx |||||||||||||| ||und||
040 _aCO-ViMGA
_bspa
_erda
_cCO-ViMGA
041 0 _aspa
082 0 4 _a330.1 - S451
100 1 _aHenri Sée
_947751
245 1 0 _aOrígenes del capitalismo moderno
264 1 _aBogotá, Colombia : Fondo de cultura económica, 1951
300 _avolumen
336 _atext
_btxt
_2rdacontent
337 _aunmediated
_bn
_2rdamedia
338 _avolume
_bnc
_2rdacarrier
940 _aidficha_siabuc: 3434. -- ficha_no_siabuc:3520
999 _c42354
_d42354